Welcome to CU Library Online Public Access Catalogue (OPAC)

THE COLOSSIAN SYNCRETISM (Record no. 7063)

MARC details
000 -LEADER
fixed length control field 00453nam a22001457a 4500
005 - DATE AND TIME OF LATEST TRANSACTION
control field 20250721133429.0
008 - FIXED-LENGTH DATA ELEMENTS--GENERAL INFORMATION
fixed length control field 250721b |||||||| |||| 00| 0 eng d
020 ## - INTERNATIONAL STANDARD BOOK NUMBER
International Standard Book Number 9780801020926
050 ## - LIBRARY OF CONGRESS CALL NUMBER
Classification number BS 2715
Item number .2 ARN
100 ## - MAIN ENTRY--PERSONAL NAME
Personal name ARNOLD, CLINTON E
245 ## - TITLE STATEMENT
Title THE COLOSSIAN SYNCRETISM
Remainder of title The Interface between Christianity and Folk Belief at Colossae
Statement of responsibility, etc. CLINTON E. ARNOLD
260 ## - PUBLICATION, DISTRIBUTION, ETC.
Place of publication, distribution, etc. MICHIGAN
Name of publisher, distributor, etc. BAKER BOOKS
Date of publication, distribution, etc. c1996
300 ## - PHYSICAL DESCRIPTION
Extent x, 378p.;
942 ## - ADDED ENTRY ELEMENTS (KOHA)
Source of classification or shelving scheme Library of Congress Classification
Koha item type Books
Suppress in OPAC No
999 ## -
-- 7063
-- 7063
Holdings
Withdrawn status Lost status Source of classification or shelving scheme Damaged status Not for loan Collection Home library Current library Shelving location Date acquired Total checkouts Full call number Barcode Date last seen Copy number Price effective from Koha item type
    Library of Congress Classification     Non-fiction Undergraduate Library (Christ Temple) Undergraduate Library (Christ Temple) General stacks 07/21/2025   BS 2715.2 ARN ulct00003973 07/21/2025 1 07/21/2025 Books
    Library of Congress Classification     Non-fiction Undergraduate Library (Christ Temple) Undergraduate Library (Christ Temple) General stacks 07/21/2025   BS 2715.2 ARN ulct00003974 07/21/2025 2 07/21/2025 Books
© 2023-2024 Copyright: Central University Libraries. All Rights Reserved | Created by: Mahone Tech Office